000 00433nam a2200169Ia 4500
003 GCL
008 140319s9999 xx 000 0 eng d
040 _aGCL /
_cGCL
082 0 4 _a615.1
_bL C
100 1 _aLAURENCE, D. R.
245 1 0 _aCLINICAL PHARMACOLOGY /
_cLAURENCE, D. R.
700 1 _aBENNELL, P. N.
260 _a[S.N] :
_bELBS WITH CHURCHILL LIVINGSTONE
300 _a686 P
650 0 4 _aPHARMACOLOGY
942 _2ddc
_cBK
999 _c19874
_d19874